| 000 | 00440nam a2200193Ia 4500 | ||
|---|---|---|---|
| 005 | 20240823032845.0 | ||
| 008 | 240823s9999||||xx |||||||||||||| ||und|| | ||
| 020 | _a978-81-907120-1-1 | ||
| 041 | _aENGLISH | ||
| 082 | _A363.7 P9 | ||
| 100 | _aRaja G . | ||
| 245 | 0 | _aUrukum Ulahamum uruhatha uilangalum | |
| 250 | _a1st | ||
| 260 |
_c2009 _bNal |
||
| 500 | _aYES | ||
| 650 |
_aTamil Book _bGeneral |
||
| 942 | _cBK | ||
| 999 |
_c194422 _d194422 |
||